00478nam a22001577a 450000500170000001000130001702000260003003500130005603700090006908200110007810000190008924500900010826000340019827000600023230000280029220210906160507.0 aB-741398 a9780141047126c599.00 aB-741398 bGift a791.43 aThomson, David aThe big screen: bthe story of the movies and what they did to us /cby David Thomson bPenguin BookaNew Delhic2012 a11 Community Centre, Panchsheel ParkbNew Delhie110017 a595p.:c20cm(pbk)bill.